Nommez ces personnes célèbres - Quiz d'images #11 - Statistiques

Statistiques générales
  • Ce quiz a été pris 234 fois
  • Le résultat moyen est 6 sur 15
Statistiques - réponses
Par images Hint Réponse % Correct
France Marine Le Pen
98%
Brésil Neymar
86%
Corée du Nord Kim Jong-il
80%
Monaco Albert II
79%
Belgique Jean-Claude Van Damme
79%
Gréce Philip Mountbatten
53%
Japon Yoko Ono
34%
Irlande Sinead O'Connor
31%
Ghana Kofi Annan
24%
Mexique Anthony Quinn
18%
Chine Yao Ming
16%
Suède Victoria de Suède
13%
Afrique du sud Jacob Zuma
12%
Iran Mahmoud Ahmadinejad
11%
Portugal Carmen Miranda
2%
Aucun quiz correspondant
Distribution des résultats
% des personnes avec chaque résultat
Percentile par nombre de réponses
Votre historique - résultats
Vous n’avez pas pris ce quiz